000 00535nam a22001697a 4500
005 20251108175356.0
008 250721s1999 xx 000 0 ara d
082 1 4 _aم/649.1/موس
100 1 _aفرحات، يوسف
_eمعد
245 1 0 _aموسوعة الآباء و الأمهات : الحمل و الولادة ...... /
264 1 _aبيروت :
_bمكتبة لبنان،
_c1999.
300 _a472 ص.
650 1 7 _aرعاية الطفولة
650 1 7 _aرعاية الأمومة
942 _2ddc
_cREF
999 _c132650
_d132650